000 00277nam a22001217a 4500
008 230623b xxu||||| |||| 00| 0 eng d
082 _a328.79
_bJRP
110 _cJune 1999
245 _aRules of the National Assembly
260 _cJune 1999
300 _a99p
942 _2ddc
_cBK
999 _c2384
_d2384